Lenin̊cia Elementos do direito da conformidade /

Bibliographic Details
Main Author: Warde, Walfrido
Other Authors: Simô, Valdir Moysš
Format: eBook
Language:Portuguese
Published: San Pablo: Editora ContraCorrente, 2019
Subjects:
Online Access:Acceso restringido

MARC

LEADER 00000nam a22000007a 4500
005 20200306003423.0
007 cr|||| ||||
008 200306s2019 br |||||s|||| 00||0 por d
020 |a 978-85-69220-68-8 
035 |a 31128 
040 |a vLex 
090 |c 10195  |d 10195 
100 1 |a Warde, Walfrido 
245 1 0 |a Lenin̊cia  |h [Recurso electrn̤ico] :  |b Elementos do direito da conformidade /  |c Walfrido Warde, Valdir Moysš Simô 
256 |a Servicio en ln̕ea 
260 |a San Pablo:  |b Editora ContraCorrente,  |c 2019 
300 |a 1 recurso electrn̤ico 
506 1 |a Disponible solo en los productos indicados  |d vLex Global  |d vLex Global (Academic Edition, excluding Law Schools)  |d vLex Global (U.S. Academic Edition, Law Schools)  |d vLex Global (U.S. Academic Edition, excluding Law Schools)  |d vLex Global (Academic Edition, Law Schools) 
650 0 4 |a Derecho Pb︢lico y Administrativo  |z Brasil 
650 0 4 |a Derecho Penal  |z Brasil 
700 1 |a Simô, Valdir Moysš 
740 0 |a vLex Libros (Servicio en ln̕ea) 
856 4 0 |u http://vlex.com/source/leni-ncia-elementos-direito-conformidade-31128  |z Acceso restringido 
942 |c BOOK 
999 0 |a Public and Administrative Law 
999 0 |a Criminal Law